[Event "65th ch-GEO w"]
[Site "Tbilisi GEO"]
[Date "2008.03.05"]
[Round "7"]
[White "Tereladze,S"]
[Black "Khurtsilava,I"]
[Result "1/2-1/2"]
[WhiteElo "2195"]
[BlackElo "2312"]

1.d4 Nf6 2.Bg5 Ne4 3.Bf4 d5 4.f3 Nf6 5.Nc3 Bf5 6.Qd2 e6 7.g4 Bg6 8.h4 h6
9.h5 Bh7 10.g5 hxg5 11.Bxg5 Bg6 12.hxg6 Rxh1 13.gxf7+ Kxf7 14.Nh3 Bd6 15.O-O-O Qh8
16.Nf4 Nbd7 17.e4 Bxf4 18.Qxf4 Qh2 19.exd5 Qxf4+ 20.Bxf4 Nxd5 21.Nxd5 exd5
22.Bxc7 Rah8 23.Kd2 Nf6 24.c3 Rg1 25.Ke2 Rhh1 26.Kf2 g5 27.Re1 g4 28.Bd6 gxf3
29.Re7+ Kg8 30.Bd3 Ne4+ 31.Bxe4 dxe4 32.Rxe4 Rf1+ 33.Ke3 Rh3 34.Rg4+ Kf7
35.Bg3 Rh6 36.d5 Rg6 37.Rxg6 Kxg6 38.Bf2 Rb1 39.Kxf3 Rxb2 40.Bxa7 Rxa2 41.Bd4 Kf5
42.Ke3 b5 43.d6 Ra8 44.Bc5 Ke5 45.Bb4 Kd5 46.Kf4 Ra1 47.Ke3 Rf1 48.Ba3 Rh1
49.Bb4 Rh3+ 50.Kd2 Ke4 51.Ke2 Rd3 52.Kf2 Kd5 53.Ke2 Ke4 54.Kf2 Rd2+ 55.Ke1 Rd5
56.Ke2 Rh5 57.Ba5 Rh7 58.Bb4 Rh2+ 59.Ke1 Rh5 60.Ke2 Rd5 61.Kf2 Kd3 62.Kf3 Rf5+
63.Kg4 Ke4 64.Kg3 Rf3+ 65.Kg2 Kf4 66.Ba5 Rd3 67.Kf2 Ke4 68.Bb4 Rh3 69.Ba5 Rh7
70.Bb4 Kd3 71.Kf3 Rf7+ 72.Kg3 Ke2 73.Ba5 Ke3 74.Kg4 Ke4 75.Kg3 Rf3+ 76.Kg2 Rd3
77.Bb4 Rd2+ 78.Kg3 Ra2 79.Bc5 Ra8 80.Bb6 Rg8+ 81.Kf2 Rg7 82.Ba5 Kd3 83.Bb4 Rf7+
84.Kg3 Ke2 85.Kg4 Ke3 86.Ba5 Ke4 87.Kg3 Ke5 88.Bb4 Ke6 89.Kg4 Rf1 90.Kg3 Ke5
91.Kg2 Rf7 92.Kg3 Ke4 93.Kg2 Kd5 94.Kg3  1/2-1/2

[Event "24th Open"]
[Site "Bad Woerishofen GER"]
[Date "2008.03.06"]
[Round "8"]
[White "Kesik,KD"]
[Black "Walz,R"]
[Result "1-0"]
[WhiteElo "2303"]
[BlackElo "2078"]

1.d4 Nf6 2.Bg5 Ne4 3.Bf4 c5 4.f3 Qa5+ 5.c3 Nf6 6.Nd2 cxd4 7.Nb3 Qa4 8.Nxd4 Qxd1+
9.Rxd1 d6 10.Nb5 Na6 11.e4 Bd7 12.Be3 g6 13.Bxa7 Bg7 14.Bd4 O-O 15.a3 Rfc8
16.e5 dxe5 17.Bxe5 Be6 18.Nd4 Rc5 19.f4 Bd5 20.Ngf3 Bh6 21.Bxf6 exf6 22.g3 g5
23.Bg2 gxf4 24.g4 Rc7 25.Nf5 Re8+ 26.Kf2  1-0

[Event "Open"]
[Site "Blackpool ENG"]
[Date "2008.03.08"]
[Round "3"]
[White "Rabbitte,M"]
[Black "Salem,I"]
[Result "0-1"]
[WhiteElo "1917"]
[BlackElo "2189"]

1.d4 Nf6 2.Bg5 Ne4 3.h4 d5 4.Nd2 Bf5 5.Ngf3 Nd7 6.Nxe4 dxe4 7.Nd2 h6 8.Bf4 e6
9.e3 c5 10.Nb3 Qb6 11.a4 a6 12.a5 Qc6 13.dxc5 e5 14.Bg3 Bxc5 15.c3 O-O 16.Be2 Be6
17.Nxc5 Qxc5 18.O-O f5 19.Qc1 g5 20.f3 exf3 21.gxf3 f4 22.Bf2 Qe7 23.Qc2 Qg7
24.exf4 Bh3 25.Kh2 Bxf1 26.Rxf1 Rxf4 27.Bg3 Rff8 28.Rg1 Kh8 29.hxg5 Qxg5
30.f4 Rxf4 31.Qd3 Rg8 32.Bf1 Rh4+ 33.Bh3 Nc5 34.Qd6 Rxh3+ 35.Kxh3 Qh5+ 36.Kg2 Rxg3+  0-1

[Event "Open"]
[Site "Blackpool ENG"]
[Date "2008.03.09"]
[Round "4"]
[White "Walton,A"]
[Black "Burrows,M"]
[Result "1-0"]
[WhiteElo "2207"]
[BlackElo "2205"]

1.d4 Nf6 2.Bg5 Ne4 3.Bf4 d5 4.f3 Nf6 5.e4 e6 6.e5 Nfd7 7.Be3 c5 8.c3 Nc6
9.f4 b6 10.Nf3 Bb7 11.Be2 Be7 12.O-O f5 13.exf6 gxf6 14.f5 e5 15.Nxe5 Ndxe5
16.dxe5 Nxe5 17.Bb5+ Bc6 18.Bxc6+ Nxc6 19.Qh5+ Kd7 20.Rd1 Kc7 21.Na3 Qg8
22.Qf3 Rd8 23.Bf4+ Kb7 24.Re1 Bd6 25.Re6 Bxf4 26.Qxf4 Qg5 27.Qa4 Rc8 28.Nb5 Rhg8
29.g3 Rgd8 30.Rae1 a6 31.Nd6+ Rxd6 32.Rxd6 Ne5 33.Qd1 d4 34.Rxe5 fxe5 35.Qf3+ Kc7
36.Qc6+ Kb8 37.Qxb6+ Ka8 38.Qxa6+ Kb8 39.Rb6+ Kc7 40.Qb7+ Kd8 41.Rd6+  1-0

[Event "65th ch-GEO w"]
[Site "Tbilisi GEO"]
[Date "2008.03.11"]
[Round "12"]
[White "Tereladze,S"]
[Black "Charkhalashvili,I"]
[Result "1/2-1/2"]
[WhiteElo "2195"]
[BlackElo "2369"]

1.d4 Nf6 2.Bg5 Ne4 3.Bf4 d5 4.f3 Nf6 5.Qd3 e6 6.Nc3 Nh5 7.Be3 Bd6 8.Nh3 c6
9.g4 Nf6 10.Bg5 Qc7 11.O-O-O h5 12.gxh5 Rxh5 13.f4 Nbd7 14.e4 dxe4 15.Nxe4 Nxe4
16.Qxe4 Nf8 17.Qe2 Rh8 18.Qf2 f6 19.Bh4 Ng6 20.Bg3 Ne7 21.Re1 Nf5 22.Bd3 Qa5
23.Qf1 Nxd4 24.Bg6+ Ke7 25.Kb1 Qb5 26.c4 Qa5 27.Ng1 Rh6 28.Be4 f5 29.Bd3 Bd7
30.Nf3 Nxf3 31.Qxf3 Rf8 32.Rhg1 Rf7 33.h4 Kd8 34.Bf2 Qc7 35.h5 Bxf4 36.Bxa7 Bd2
37.Re2 b6 38.Rxd2 Qxa7 39.Be4 Ke7 40.Rgd1 Be8 41.Bxc6 Bxc6 42.Qxc6 Kf6 43.Rd6 Re7
44.Qc8 Rxh5 45.Re1 Kg6 46.Rdxe6+ Rxe6 47.Qxe6+ Kh7 48.Rg1 Rh6 49.Qxf5+ Kg8
50.Qd5+ Kh7 51.Re1 Qb8 52.Qf5+ Kg8 53.a3 Qd8 54.Ka2 Rh2 55.Qe6+ Kh7 56.Re5 Rh4
57.Qf5+ g6 58.Qf7+ Kh6 59.Re8 Qd4 60.Qf8+ Kg5 61.Qe7+ Kf5 62.Qe6+ Kf4 63.Rf8+ Kg5
64.Qd5+ Qxd5 65.cxd5 Rd4 66.Rb8 Rxd5 67.Rxb6 Kf5 68.Rb8 g5 69.a4 g4 70.b4 g3
71.Rc8 Rd4 72.Kb3 g2 73.Rc1 Rg4 74.Rg1 Ke5 75.a5 Kd5 76.b5 Kc5 77.b6 Kc6
78.Rc1+ Kb7 79.Rg1  1/2-1/2

[Event "ch-RUS Girls u20"]
[Site "St Petersburg RUS"]
[Date "2008.03.15"]
[Round "8"]
[White "Charochkina,D"]
[Black "Bodnaruk,A"]
[Result "0-1"]
[WhiteElo "2383"]
[BlackElo "2317"]

1.d4 Nf6 2.Bg5 Ne4 3.Bf4 c5 4.f3 Qa5+ 5.c3 Nf6 6.Nd2 cxd4 7.Nb3 Qd8 8.Bxb8 Rxb8
9.Qxd4 b6 10.e4 e6 11.g4 h6 12.O-O-O Qc7 13.Kb1 d6 14.f4 Qc6 15.Bd3 Bb7 16.Nh3 Nxg4
17.Qg1 Nf6 18.Nd4 Qc7 19.Nf2 a6 20.Qg3 g6 21.Rhg1 e5 22.fxe5 dxe5 23.Qf3 Be7
24.Nc2 Rd8 25.Ne3 h5 26.Ka1 b5 27.Nd5 Nxd5 28.exd5 Rxd5 29.Qg3 Qb6 30.Be4 Rxd1+
31.Rxd1 Bxe4 32.Qxe5 O-O 33.Nxe4 Qe6 34.Qf4 f5 35.Ng5 Qe2 36.Rg1 Rd8 37.a3 Rd1+
38.Rxd1 Qxd1+ 39.Ka2 Qd5+ 40.Ka1 Qd1+ 41.Ka2 Qd5+ 42.Ka1 Qd6 43.Qc1 Qxh2
44.Ne6 Qe5 45.Nd4 Kg7 46.Qh1 Qe4 47.Qh2 Bf6 48.Qc7+ Kh6 49.Nc6 f4  0-1

[Event "LIV Abierto Mexicano de Ajedrez"]
[Site "Aguascalientes MEX"]
[Date "2008.03.18"]
[Round "1"]
[White "Almeida Saenz,A"]
[Black "Colli Lopez,S"]
[Result "1-0"]
[WhiteElo "2426"]
[BlackElo "2059"]

1.d4 Nf6 2.Bg5 Ne4 3.Bf4 d5 4.f3 Nf6 5.e4 dxe4 6.Nc3 exf3 7.Nxf3 c6 8.Bc4 Bf5
9.O-O e6 10.Ne5 Be7 11.Nxf7 Kxf7 12.Bxb8 Bxc2 13.Qe2 Rxb8 14.Bxe6+ Kf8 15.Qxc2 g6
16.Rad1 Kg7 17.Ne4 Rf8 18.Ng5 Qd6 19.Rfe1 Nd5 20.Nf3 Nf4 21.Bb3 Bf6 22.Re4 Rbe8
23.g3 Nh3+ 24.Kg2 Ng5 25.Nxg5 Bxg5 26.d5 Rxe4 27.Qxe4 cxd5 28.Rxd5 Qf6 29.Rd7+ Kh8
30.Bc4 Qxb2+ 31.Kh3 Bf6 32.Rxb7 Qd4 33.Qe6 a5 34.Rf7 Rxf7 35.Qxf7 Qd8 36.a4 Bg7
37.Qe6 Qf8 38.Kg2 Qd8 39.h4 Bd4 40.Qf7 Bg7 41.Bd5 Qf8 42.Qc7 Bd4 43.Bf3 Qc5
44.Qd8+ Kg7 45.Qd7+ Kh8 46.Be4 Be5 47.h5 Qc3 48.Qd8+ Kg7 49.Qg5 Bf6 50.h6+ Kf8
51.Qd5 Qb2+ 52.Kf3 Qc3+ 53.Bd3 Qd4 54.Qa8+ Qd8 55.Qa6 Bd4 56.Qb7 Qf6+ 57.Kg2 Qf2+
58.Kh3 Qe3 59.Qc8+ Ke7 60.Qc7+ Kf6 61.Qd8+ Ke5 62.Qxa5+ Bc5 63.Qc3+ Kd6 64.Qf6+ Qe6+
65.Qxe6+ Kxe6 66.a5 Kd6 67.Kg4 Be3 68.Bxg6 hxg6 69.h7 Bd4 70.Kg5 Kc5 71.Kxg6 Kb5
72.g4 Kxa5 73.g5  1-0

[Event "LIV Abierto Mexicano de Ajedrez"]
[Site "Aguascalientes MEX"]
[Date "2008.03.21"]
[Round "5"]
[White "Almeida Saenz,A"]
[Black "Pla,S"]
[Result "1-0"]
[WhiteElo "2426"]
[BlackElo "2224"]

1.d4 Nf6 2.Bg5 Ne4 3.Bf4 c5 4.f3 Qa5+ 5.c3 Nf6 6.d5 Qb6 7.b3 e6 8.e4 exd5
9.exd5 Bd6 10.Bg5 Be7 11.Na3 d6 12.Nc4 Qc7 13.a4 O-O 14.Ne2 Re8 15.Qd2 Nbd7
16.g4 Nb6 17.Nxb6 Qxb6 18.Rb1 Bd7 19.Rb2 Qc7 20.c4 Bxg4 21.Bxf6 Bxf6 22.fxg4 Bxb2
23.Qxb2 Re3 24.Kf2 Rae8 25.Ng3 g6 26.Rg1 Qa5 27.Be2 Qb4 28.Rb1 Qb6 29.Bf3 Qd8
30.Kg2 Qg5 31.Rf1 f5 32.gxf5 gxf5 33.Kh1 Re1 34.Qg2 Rxf1+ 35.Nxf1 h6 36.h4 Qxg2+
37.Kxg2 Kg7 38.Kf2 Kf6 39.Ne3 Ke5 40.Bh5 Rg8 41.Bf7 Rg7 42.Be6 Rg6 43.Kf3 Rf6
44.h5 Rf8 45.a5 Rf6 46.Nf1 Rf8 47.Ng3 Rf6 48.Ne2 Rf8 49.Nf4 b6 50.Ng6+  1-0

[Event "SCT Ladies Open"]
[Site "Stockholm SWE"]
[Date "2008.03.21"]
[Round "2"]
[White "Molchanova,T"]
[Black "Toma,K"]
[Result "1-0"]
[WhiteElo "2365"]
[BlackElo "2259"]

1.d4 Nf6 2.Bg5 Ne4 3.Bf4 d5 4.e3 e6 5.Bd3 Nf6 6.c3 c5 7.Nd2 Nc6 8.Ngf3 Be7
9.h3 Nd7 10.O-O O-O 11.Rc1 b6 12.e4 Bb7 13.exd5 exd5 14.Re1 Re8 15.Nf1 Nf8
16.Ne3 Ne6 17.Be5 Nxe5 18.Nxe5 g6 19.Bb5 Rf8 20.Nc6 Bxc6 21.Bxc6 Rc8 22.Bxd5 Nf4
23.c4 Bf6 24.dxc5 bxc5 25.Rc2 Rb8 26.b3 Bd4 27.Qf3 Qg5 28.g3 Nd3 29.Rd1 Nb4
30.Re2 Rbe8 31.h4 Qe5 32.Ree1 Qd6 33.a3 Nxd5 34.Nxd5 f5 35.Nf4 a5 36.Ne2 Rd8
37.b4 axb4 38.axb4 Qb6 39.Nxd4 cxd4 40.Qb3 Kh8 41.c5 Qb7 42.f4 Rfe8 43.Rxe8+ Rxe8
44.Rxd4 Qe7 45.Qc3 Kg8 46.Qd2 Ra8 47.Rd7 Ra1+ 48.Kf2  1-0

[Event "LIV Abierto Mexicano de Ajedrez"]
[Site "Aguascalientes MEX"]
[Date "2008.03.22"]
[Round "7"]
[White "Almeida Saenz,A"]
[Black "Carreto Nieto,G"]
[Result "0-1"]
[WhiteElo "2426"]
[BlackElo "2212"]

1.d4 Nf6 2.Bg5 Ne4 3.Bf4 d5 4.f3 Nf6 5.Nc3 e6 6.e4 Bb4 7.Bd3 O-O 8.a3 Be7
9.Nce2 c5 10.c3 Nc6 11.e5 Nd7 12.Qb1 g6 13.Bh6 cxd4 14.cxd4 Qb6 15.h4 Nxd4
16.f4 Nb3 17.h5 Qa5+ 18.Kf2 Qc5+ 19.Kg3 Qe3+ 20.Nf3 Ndc5 21.hxg6 Nxd3 22.gxh7+ Kh8
23.Qg1 Qxe2 24.Bxf8 Bxf8 25.Rf1 Bd7 26.Ng5 Be8 27.Rf3 Nd2 28.Re3 Nf1+ 29.Qxf1 Qxe3+
30.Nf3 Qd2 31.Ng5 Qe2 32.Qg1 Nxe5 33.Qb1  0-1

[Event "57th ch-BUL w"]
[Site "Plovdiv BUL"]
[Date "2008.03.22"]
[Round "9"]
[White "Raeva,E"]
[Black "Bednikova,S"]
[Result "1-0"]
[WhiteElo "2258"]
[BlackElo "2088"]

1.d4 Nf6 2.Bg5 Ne4 3.Bf4 d5 4.f3 Nf6 5.Nd2 c5 6.c3 Nc6 7.e3 b6 8.Bd3 e6 9.Ne2 Bd6
10.Bg3 O-O 11.O-O Bb7 12.Bf2 e5 13.dxc5 bxc5 14.e4 d4 15.Nc4 Na5 16.Nxd6 Qxd6
17.b4 cxb4 18.cxd4 exd4 19.Nxd4 Rfd8 20.Qe2 Nc6 21.Nxc6 Bxc6 22.Rfd1 Ba4
23.e5 Bxd1 24.Rxd1 Qe6 25.exf6 Qxf6 26.Qe4 g6 27.Qxb4 Rab8 28.Qa4 Qc3 29.Be4 Rd2
30.Rxd2 Qxd2 31.g3 Rb2 32.Qxa7 Rxa2 33.Qb8+ Kg7 34.Qb6 Qc1+ 35.Kg2 Qd2 36.Qc5 h5
37.Qe5+ Kg8 38.Qc5 Kg7 39.h4 Rb2 40.g4 hxg4 41.fxg4 Qxf2+ 42.Qxf2 Rxf2+ 43.Kxf2 f5
44.Bxf5 gxf5 45.g5 Kg6 46.Kf3 Kh5 47.Kf4 Kg6 48.h5+  1-0

[Event "LIV Abierto Mexicano de Ajedrez"]
[Site "Aguascalientes MEX"]
[Date "2008.03.23"]
[Round "9"]
[White "Almeida Saenz,A"]
[Black "Aguirre Manzo,L"]
[Result "1-0"]
[WhiteElo "2426"]
[BlackElo "2102"]

1.d4 Nf6 2.Bg5 Ne4 3.Bf4 d5 4.f3 Nf6 5.c4 e6 6.Nc3 a6 7.e4 dxc4 8.Bxc4 b5
9.Bb3 c5 10.Nge2 cxd4 11.Qxd4 Qxd4 12.Nxd4 Nbd7 13.Bg3 Bb7 14.O-O-O Rc8 15.Kb1 Bb4
16.Nde2 Nb6 17.a4 Bc6 18.axb5 axb5 19.Nd4 Bxc3 20.bxc3 Nc4 21.Bxc4 bxc4 22.Bd6 Kd7
23.Nc2 Ba4 24.Bf8+ Ke8 25.Bxg7 Rg8 26.Bxf6 Rxg2 27.Rc1 Ra8 28.Nb4 Kd7 29.Rcg1 Re2
30.Rg7 Ke8  1-0

[Event "Spring Festival"]
[Site "Budapest HUN"]
[Date "2008.03.23"]
[Round "3"]
[White "Hoang Thanh Trang"]
[Black "Kormos,Ad"]
[Result "1-0"]
[WhiteElo "2475"]
[BlackElo "2144"]

1.d4 Nf6 2.Bg5 Ne4 3.Bf4 d5 4.e3 c5 5.Bd3 Nf6 6.dxc5 Nc6 7.Nf3 e6 8.O-O Bxc5
9.Nbd2 O-O 10.a3 h6 11.h3 Qe7 12.b4 Bb6 13.Bh2 Rd8 14.Qb1 Bc7 15.Bxc7 Qxc7
16.c4 d4 17.exd4 Nxd4 18.Nxd4 Rxd4 19.Nf3 Rd8 20.c5 Bd7 21.Re1 Bc6 22.Ne5 Rd5
23.Nxc6 Qxc6 24.Qb3 Rad8 25.Be2 Rd4 26.Bf3 Qb5 27.Rac1 Nd5 28.Red1 Nf4 29.Rxd4 Rxd4
30.Qe3 Qd3 31.Rc3 Qd2 32.b5 Nd5 33.Qxd2 Rxd2 34.Rc4 Rb2 35.a4 a6 36.b6 Kf8
37.a5 Rb1+ 38.Kh2 Ke7 39.c6 bxc6 40.Rxc6 Kd7 41.Rc2 Ra1 42.Be2 Ra3 43.Bb5+  1-0

[Event "XXXV Open"]
[Site "La Roda ESP"]
[Date "2008.03.23"]
[Round "9"]
[White "Sanchez,Joseph"]
[Black "Robles Garcia,C"]
[Result "0-1"]
[WhiteElo "2492"]
[BlackElo "2203"]

1.d4 Nf6 2.Bg5 Ne4 3.h4 c5 4.dxc5 Qa5+ 5.Nd2 Nxg5 6.hxg5 Qxc5 7.Ngf3 Nc6
8.e3 g6 9.c3 Bg7 10.Bd3 d6 11.Qc2 Bd7 12.Rh4 O-O-O 13.O-O-O h5 14.Nc4 Bg4
15.b4 Qd5 16.b5 Nb8 17.Qb3 Qc5 18.Kb1 Nd7 19.Na5 Qc7 20.Qxf7 Ne5 21.Qxg7 Rdg8
22.Qxh8 Rxh8 23.Nxe5 dxe5 24.f3 e4 25.Nb3 exd3 26.fxg4 Qg3 27.Rhh1 Qxg2 28.gxh5 Rxh5
29.Rhf1 Qc2+ 30.Ka1 Rh2  0-1

[Event "57th ch-BUL w"]
[Site "Plovdiv BUL"]
[Date "2008.03.24"]
[Round "11"]
[White "Raeva,E"]
[Black "Trifonova,S"]
[Result "1-0"]
[WhiteElo "2258"]
[BlackElo "1957"]

1.d4 Nf6 2.Bg5 Ne4 3.Bf4 d5 4.f3 Nf6 5.e4 dxe4 6.Nc3 Nd5 7.Nxd5 Qxd5 8.Bxc7 Nc6
9.c3 Bd7 10.Qb3 Qxb3 11.axb3 Rc8 12.Bg3 exf3 13.d5 fxg2 14.Bxg2 Nd8 15.Rxa7 e6
16.dxe6 Bxe6 17.b4 Be7 18.Nf3 Bf6 19.Nd2 O-O 20.Ne4 Be7 21.O-O Bc4 22.Re1 Ba6
23.Nd6 Rc7 24.Nf5  1-0

[Event "Jack Speigel Memorial"]
[Site "Southend ENG"]
[Date "2008.03.24"]
[Round "7"]
[White "Ward,C"]
[Black "Plaskett,J"]
[Result "0-1"]
[WhiteElo "2440"]
[BlackElo "2490"]

1.d4 Nf6 2.Bg5 Ne4 3.Bf4 c5 4.f3 Qa5+ 5.c3 Nf6 6.d5 Qb6 7.Bc1 e6 8.c4 exd5
9.cxd5 d6 10.e4 g6 11.Ne2 Bg7 12.Nec3 a6 13.a4 Qd8 14.Bg5 h6 15.Bh4 g5 16.Bf2 Nbd7
17.h4 Ne5 18.Nd2 g4 19.h5 gxf3 20.gxf3 Rg8 21.Be2 Bh8 22.f4 Neg4 23.Bg1 Nh7
24.Nf3 Qe7 25.Qc2 Bxc3+ 26.bxc3 Nhf6 27.Nd2 Bd7 28.Nc4 Kf8 29.e5 Nxd5 30.exd6 Qe6
31.f5 Qf6 32.Bxc5 Nxc3 33.Nb6 Rd8 34.Ra3 Nxe2 35.Qxe2 Bxf5 36.Qe7+ Kg7 37.Qxf6+ Kxf6
38.Rf1 Rge8+ 39.Kd2 Kg5 40.Nc4 Re4 41.Ne3 Be6 42.Nxg4 Rxg4 43.a5 Kxh5 44.Rf6 Rg2+
45.Ke3 Rc2 46.Bb4 Rc4 47.Rf4 Rdc8 48.Rxc4 Rxc4 49.Be1 Kg4 50.Rd3 Bd7 51.Rc3 Rxc3+
52.Bxc3 Kf5  0-1

[Event "9th North American Inv"]
[Site "Chicago USA"]
[Date "2008.03.25"]
[Round "6"]
[White "Panjwani,R"]
[Black "Chow,A"]
[Result "1-0"]
[WhiteElo "2298"]
[BlackElo "2208"]

1.d4 Nf6 2.Bg5 Ne4 3.Bf4 c5 4.d5 Qb6 5.Bc1 d6 6.f3 Nf6 7.e4 g6 8.a4 Bg7 9.Na3 O-O
10.Nc4 Qd8 11.Ne2 Na6 12.Nc3 Nc7 13.Be2 b6 14.O-O Rb8 15.f4 a6 16.Bf3 Nd7
17.Re1 b5 18.Na5 Bb7 19.Nc6 Bxc6 20.dxc6 Nb6 21.axb5 axb5 22.Ra7 e6 23.Qe2 Nc8
24.Rb7 Rxb7 25.cxb7 Na7 26.e5 d5 27.Qf2 Qe7 28.f5 gxf5 29.Qg3 Rb8 30.Bh6 Ne8
31.Nxd5 exd5 32.e6 f4 33.Bxf4 Rxb7 34.Bxd5 f6 35.Bxb7 Qxb7 36.Qd3 Nc6 37.Qd7 Qa8
38.Kf2 Ne5 39.Bxe5 fxe5 40.Ra1 Qb8 41.Ra7 e4 42.Qf7+ Kh8 43.Re7 Bd4+ 44.Ke2 Ng7
45.Rd7 Qc8 46.e7  1-0

[Event "Spring Festival"]
[Site "Budapest HUN"]
[Date "2008.03.27"]
[Round "7"]
[White "Duong The Anh"]
[Black "Galyas,M"]
[Result "1/2-1/2"]
[WhiteElo "2381"]
[BlackElo "2432"]

1.d4 Nf6 2.Bg5 Ne4 3.Bf4 c5 4.f3 Qa5+ 5.c3 Nf6 6.Nd2 cxd4 7.Nb3 Qb6 8.Qxd4 Nc6
9.Qxb6 axb6 10.Nd4 e5 11.Nxc6 exf4 12.Nd4 d5 13.g3 Bd6 14.Kf2 h5 15.gxf4 Bxf4
16.e3 Bh6 17.h4 O-O 18.Bb5 g6 19.Nge2 Bd7 20.Bd3 Rfe8 21.Nf4 Re7 22.Rhg1 Rae8
23.Rae1 Bxf4 24.exf4 Rxe1 25.Rxe1 Rxe1 26.Kxe1 Ne8 27.f5 Kg7 28.fxg6 fxg6
29.Kf2 Kf6 30.f4 Nd6 31.Be2 Nc8 32.Nc2 Ne7 33.Ne3 Be6 34.Bf3 Bf7 35.Ke2 Ke6
36.Kd3 Kd6 37.Bd1 Be6 38.Ba4 Bf5+ 39.Kd2  1/2-1/2

[Event "3rd Open"]
[Site "Kolkata IND"]
[Date "2008.04.01"]
[Round "9"]
[White "Rahman,Zia"]
[Black "Konguvel,P"]
[Result "1-0"]
[WhiteElo "2492"]
[BlackElo "2394"]

1.d4 Nf6 2.Bg5 Ne4 3.Bf4 c5 4.f3 Qa5+ 5.c3 Nf6 6.d5 Qb6 7.Bc1 e6 8.e4 exd5
9.exd5 Bd6 10.c4 O-O 11.Bd3 Qc7 12.Nc3 a6 13.Nge2 b5 14.Bg5 Nh5 15.Ne4 Nf4
16.Nxd6 Nxd3+ 17.Qxd3 Qxd6 18.O-O bxc4 19.Qd2 Bb7 20.Nc3 Qe5 21.Rfe1 Qd4+
22.Qf2 d6 23.Re7 Bc8 24.Rd1 Qxf2+ 25.Kxf2 Nd7 26.Bf4 Rb8 27.Rd2 Ne5 28.Bxe5 dxe5
29.Rxe5 Bd7 30.d6 Rfc8 31.Nd5 f6 32.Ne7+ Kf7 33.Rh5 Rd8 34.Rxc5 Rb6 35.Rxc4 Be6
36.Rc6 Rb7 37.Ke1 a5 38.b3 Ke8 39.Re2 Kf7 40.Rc7 Rd7 41.Nc6  1-0

[Event "GM"]
[Site "Beer Sheva ISR"]
[Date "2008.04.02"]
[Round "6"]
[White "Khmelniker,I"]
[Black "Nabaty,T"]
[Result "1-0"]
[WhiteElo "2469"]
[BlackElo "2417"]

1.d4 Nf6 2.Bg5 Ne4 3.Bf4 d5 4.e3 Bf5 5.Nf3 e6 6.Nbd2 g5 7.Nxg5 Nxg5 8.h4 Ne4
9.g4 Nxd2 10.Kxd2 e5 11.Bxe5 f6 12.gxf5 fxe5 13.Qh5+ Kd7 14.dxe5 Qe7 15.f6 Qb4+
16.Ke2 Kc6 17.Rd1 Kb6 18.Rd3 Qe4 19.f3 Qg6 20.Qxg6 hxg6 21.Rxd5 Nc6 22.a4 a5
23.f4 Re8 24.Bg2 Bc5 25.c3 Rh6 26.Be4 Reh8 27.Kf2 Rxh4 28.Rxh4 Rxh4 29.Kg3 Rh8
30.e6 Re8 31.f7 Rd8 32.b4 axb4 33.a5+ Kb5 34.Bd3+  1-0

[Event "Sozina Open"]
[Site "Bar MNE"]
[Date "2008.04.03"]
[Round "7"]
[White "Miladinovic,I"]
[Black "Milanovic,Da"]
[Result "1-0"]
[WhiteElo "2604"]
[BlackElo "2510"]

1.d4 Nf6 2.Bg5 Ne4 3.Bf4 c5 4.f3 Qa5+ 5.c3 Nf6 6.d5 d6 7.e4 g6 8.a4 Bg7 9.Na3 O-O
10.Nc4 Qd8 11.Qd2 Re8 12.Be2 Nbd7 13.g4 Nb6 14.Ne3 Bd7 15.a5 Nc8 16.Nh3 e6
17.dxe6 Bxe6 18.Ng5 d5 19.Nxe6 fxe6 20.O-O a6 21.Rad1 Ne7 22.Bg5 Qxa5 23.e5 Nd7
24.f4 Qc7 25.Bf3 Nf8 26.Qg2 Kh8 27.c4 d4 28.Nc2 Rab8 29.b3 b5 30.h4 bxc4
31.bxc4 Rb3 32.Be4 Ng8 33.h5 gxh5 34.gxh5 Nh6 35.Rd3 Reb8 36.Ne1 Rb2 37.Qh3 Re2
38.Bf3 Ra2 39.Ng2 Qf7 40.Be4 Rbb2 41.Rg3 Nd7 42.Bxh6 Bxh6 43.f5 Nxe5 44.Qh4 Qf8
45.fxe6 Rf2 46.Re1 Rfe2 47.e7 Qf2+ 48.Kh2  1-0

[Event "IX Dos Hermanas Internet"]
[Site "ICC INT"]
[Date "2008.04.04"]
[Round "1.2"]
[White "Almeida Quintana,O"]
[Black "Gormally,D"]
[Result "1-0"]
[WhiteElo "2527"]
[BlackElo "2508"]

1.d4 Nf6 2.Bg5 Ne4 3.Bf4 c5 4.d5 e6 5.f3 Bd6 6.Bxd6 Nxd6 7.Nc3 f5 8.e4 fxe4
9.dxe6 dxe6 10.Nxe4 Nxe4 11.Qxd8+ Kxd8 12.fxe4 Nc6 13.O-O-O+ Ke7 14.Nf3 b6
15.Bb5 Bb7 16.Bxc6 Bxc6 17.Ne5 Be8 18.Rhf1 Rd8 19.Rxd8 Kxd8 20.Nf7+ Bxf7
21.Rxf7  1-0

[Event "A.Lutikov Memorial"]
[Site "Tiraspol MDA"]
[Date "2008.04.04"]
[Round "7"]
[White "Susterman,L"]
[Black "Martemianov,I"]
[Result "0-1"]
[WhiteElo "2312"]
[BlackElo "2297"]

1.d4 Nf6 2.Bg5 Ne4 3.Bh4 c5 4.f3 g5 5.fxe4 gxh4 6.e3 Bh6 7.Kf2 Qb6 8.Nf3 Qxb2
9.Nbd2 Qc3 10.Bd3 Nc6 11.d5 Nb4 12.Nxh4 d6 13.Qe2 Nxc2 14.Bxc2 Qxc2 15.Rhc1 Qb2
16.Rcb1 Qf6+ 17.Nhf3 Rg8 18.Qb5+ Kf8 19.Re1 Qg6 20.g3 Qh5 21.Rab1 Kg7 22.e5 Kh8
23.exd6 exd6 24.Qd3 b6 25.e4 Bg4 26.Kg1 Rae8 27.Nh4 Qxh4 28.gxh4 Be2+ 29.Qg3 Bd3
30.Rb2 f5 31.e5 Bf4 32.Nf3 Bxg3 33.hxg3 Rxg3+ 34.Kf2 Rxf3+ 35.Kxf3 Be4+ 36.Kf2 Rxe5
37.Rb3 Kg7 38.Ra3 Re7 39.Ra6 c4 40.Ra4 Rc7 41.Ke3 c3 42.Kd4 c2 43.Rc4 Rxc4+
44.Kxc4 Kg6 45.Kc3 f4 46.Rf1 Kf5 47.Kd2 f3 48.Ke3 Bxd5 49.Rc1 Be4 50.Rg1 h6
51.h5 d5 52.Rf1 Ke5 53.Rh1 d4+ 54.Kd2 Kf4 55.Rf1 Kg3 56.Rg1+ Kh2 57.Rg8 f2
58.Rf8 Kg1 59.Rg8+ Bg2  0-1

[Event "FSGM April"]
[Site "Budapest HUN"]
[Date "2008.04.09"]
[Round "5"]
[White "Bui Vinh"]
[Black "Ilincic,Z"]
[Result "1-0"]
[WhiteElo "2448"]
[BlackElo "2548"]

1.d4 Nf6 2.Bg5 Ne4 3.Bf4 d5 4.e3 Bf5 5.f3 Nf6 6.c4 Nc6 7.Nc3 e6 8.g4 Bg6
9.c5 a6 10.h4 h5 11.g5 Nd7 12.Bg3 b6 13.Qa4 b5 14.Qd1 b4 15.Nce2 b3 16.Nf4 Bc2
17.Qd2 Qb8 18.g6 Bxg6 19.Nxg6 fxg6 20.Bd3 Ne7 21.Nh3 Nf5 22.Bf2 e5 23.a3 Be7
24.c6 Nf8 25.dxe5 Nxh4 26.Be2 g5 27.Qxd5 Qd8 28.Qe4 Bc5 29.Rd1 Qe7 30.f4  1-0

[Event "V Magistral da Hebraica"]
[Site "Sao Paulo BRA"]
[Date "2008.04.11"]
[Round "6"]
[White "Stamenkovic,Dr"]
[Black "Mekhitarian,K"]
[Result "0-1"]
[WhiteElo "2440"]
[BlackElo "2466"]

1.d4 Nf6 2.Bg5 Ne4 3.Bf4 c5 4.f3 Qa5+ 5.c3 Nf6 6.Nd2 cxd4 7.Nb3 Qf5 8.Bxb8 Rxb8
9.cxd4 e5 10.a3 e4 11.Qc2 Bd6 12.e3 Qh5 13.f4 g5 14.Ne2 b6 15.Nc3 Bb7 16.Be2 Qg6
17.Nb5 Be7 18.O-O Rc8 19.Qd1 gxf4 20.Rxf4 a6 21.Nc3 Bd6 22.Rh4 Ke7 23.Qf1 Rcg8
24.Nd2 h5 25.Nc4 Bc7 26.Rc1 Qg5 27.Qf2 Rh7 28.Rf1 Rhg7 29.Kh1 Qxg2+ 30.Qxg2 Rxg2
31.Bxh5 d6 32.a4 d5 33.Ne5 Bxe5 34.dxe5 Nxh5 35.Rxh5 d4 36.Nd1 Bd5 37.Rhf5 Bc4
38.Re1 Be2 39.exd4 Bf3 40.Rxf3 exf3 41.Rf1 Rh8 42.Rxf3 Rhxh2+  0-1

[Event "Gausdal Classics GMB"]
[Site "Gausdal NOR"]
[Date "2008.04.13"]
[Round "6"]
[White "Forsaa,E"]
[Black "Lindberg,Be"]
[Result "0-1"]
[WhiteElo "2312"]
[BlackElo "2442"]

1.d4 Nf6 2.Bg5 Ne4 3.Bf4 c5 4.f3 Qa5+ 5.c3 Nf6 6.Nd2 cxd4 7.Nb3 Qd8 8.cxd4 a5
9.e4 a4 10.Nd2 d5 11.Bb5+ Bd7 12.Bd3 Nc6 13.e5 Nh5 14.Be3 g6 15.Ne2 Qb6 16.Kf2 Qxb2
17.a3 e6 18.Qc1 Qxc1 19.Rhxc1 f5 20.f4 Na5 21.h3 b5 22.g4 Ng7 23.Nc3 Nc4
24.Nxc4 bxc4 25.Bc2 Bc6 26.Rcb1 Kd7 27.Ne2 Be7 28.Bd2 Rhb8 29.Ke3 Rxb1 30.Bxb1 Ne8
31.Bc2 Nc7 32.Nc3 Kc8 33.Bc1 Nb5 34.Nxb5 Bxb5 35.Bd2 Bd7 36.Bc3 Rb8 37.Kd2 Bc6
38.Ke3 Kd7 39.Kd2 Rb7 40.Ba5 Rb8 41.Bc3 Rf8 42.Ke3 h6 43.Ba5 g5 44.gxf5 exf5
45.Kf3 Kc8 46.Bc3 Bd7 47.Rh1 Rg8 48.Re1 gxf4 49.Bb4 Bxb4 50.axb4 Be6 51.Kxf4 Rg2
52.Bxa4 Ra2 53.Bc6 Rd2 54.b5 Rxd4+ 55.Kf3 c3 56.Ra1 Kc7 57.Ra7+ Kb6 58.Ra6+ Kc7
59.Ra7+ Kb6 60.Ra6+ Kc5 61.Be8 Rc4 62.Rc6+ Kd4 63.b6 Rxc6 64.Bxc6 c2 65.b7 c1=Q
66.b8=Q Qxc6 67.Qb4+ Kxe5  0-1

[Event "Gausdal Classics GMA"]
[Site "Gausdal NOR"]
[Date "2008.04.16"]
[Round "9"]
[White "Macieja,B"]
[Black "Kotronias,V"]
[Result "0-1"]
[WhiteElo "2599"]
[BlackElo "2611"]

1.d4 Nf6 2.Bg5 Ne4 3.Bf4 c5 4.f3 Qa5+ 5.c3 Nf6 6.Nd2 cxd4 7.Nb3 Qd8 8.cxd4 e6
9.e4 Nc6 10.Bd3 a5 11.Ne2 a4 12.Nd2 a3 13.bxa3 d5 14.e5 Nd7 15.Nb1 Qb6 16.Qb3 Qa7
17.Qb2 Be7 18.Bg3 O-O 19.Bf2 Qa5+ 20.Nec3 f6 21.exf6 Bxf6 22.Qd2 e5 23.Bc2 Kh8
24.Bb3 Nb6 25.dxe5 Bxe5 26.O-O Bf5 27.Rc1 Rae8 28.Kh1 Nc4 29.Qxd5 Qxd5 30.Nxd5 Bxa1
31.Bxc4 Ne5 32.Bb5 Rc8 33.Re1 Bd3 34.Nd2 Bxb5 35.Rxa1 Rfd8 36.Nb6 Rxd2 37.Nxc8 Rxf2
38.Nd6 Bc6 39.Kg1 Rd2 40.Nf5 Nd3 41.Nd4 Ba4 42.Nb3 Bxb3 43.axb3 g5 44.b4 b5
45.a4 bxa4 46.h4 gxh4 47.Rxa4 Rd1+ 48.Kh2 Nf2 49.g4 h3 50.Ra8+ Kg7 51.Ra7+ Kg6
52.Ra6+ Kg5 53.Ra5+ Kf4 54.Rf5+ Ke3 55.Re5+ Kxf3 56.Rf5+ Ke3 57.Re5+ Kd4
58.Rh5 Rd3 59.Rg5 Rd1 60.Rh5 Rh1+ 61.Kg3 Ne4+ 62.Kh4 h2 63.Kh3 Nd2 64.Kg2 Rg1+
65.Kxh2 Nf3+ 66.Kh3 h6 67.Ra5 Ng5+ 68.Kh4 Rh1+ 69.Kg3 Ne4+ 70.Kg2 Rb1 71.Ra6 Rb2+
72.Kg1 Ng5 73.Rxh6 Nf3+ 74.Kf1 Ke5  0-1

[Event "Open"]
[Site "Senj CRO"]
[Date "2008.04.17"]
[Round "2"]
[White "Martinovic,Sa"]
[Black "Fercec,N"]
[Result "1/2-1/2"]
[WhiteElo "2403"]
[BlackElo "2492"]

1.d4 Nf6 2.Bg5 Ne4 3.Bf4 c5 4.f3 Qa5+ 5.c3 Nf6 6.d5 g6 7.e4 d6 8.Nd2 Bg7
9.a4 O-O 10.Bd3 Nbd7 11.Nc4 Qc7 12.Ne2 Ne5 13.O-O e6 14.Bxe5 dxe5 15.d6 Qc6
16.Qb3 Rd8 17.Qb5 Bd7 18.Qxc6 Bxc6 19.Nxe5 Rxd6 20.Rfd1  1/2-1/2